|
|
|
|
| LEADER |
00000nam0a2200000 4500 |
| 001 |
260860 |
| 005 |
20231101233520.0 |
| 010 |
|
|
|a 5835500289
|
| 035 |
|
|
|a (RuTPU)RU\TPU\book\283830
|
| 090 |
|
|
|a 260860
|
| 100 |
|
|
|a 20140519d1988 k y0rusy50 ca
|
| 101 |
0 |
|
|a rus
|
| 102 |
|
|
|a KG
|
| 105 |
|
|
|a a z 001zy
|
| 200 |
1 |
|
|a Тонкая структура регулярных геомагнитных вариаций на средних и низких широтах
|f В. Н. Погребной
|g Академия наук Киргизской ССР (АН КиргССР), Институт сейсмологии
|
| 210 |
|
|
|a Фрунзе
|c Илим
|d 1988
|
| 215 |
|
|
|a 150 с.
|c ил.
|
| 320 |
|
|
|a Библиогр.: с. 136-148.
|
| 606 |
1 |
|
|a Геомагнитные исследования
|2 stltpush
|3 (RuTPU)RU\TPU\subj\6157
|9 34113
|
| 610 |
1 |
|
|a геофизика
|
| 610 |
1 |
|
|a геомагнитные вариации
|
| 610 |
1 |
|
|a земной магнетизм
|
| 610 |
1 |
|
|a магнитный экватор
|
| 610 |
1 |
|
|a средние широты
|
| 610 |
1 |
|
|a низкие широты
|
| 610 |
1 |
|
|a морфологические особенности
|
| 610 |
1 |
|
|a солнечная активность
|
| 610 |
1 |
|
|a магнитные возмущения
|
| 610 |
1 |
|
|a экваториальные электроструи
|
| 610 |
1 |
|
|a электрические свойства
|
| 610 |
1 |
|
|a экваториальная ионосфера
|
| 675 |
|
|
|a 550.38
|v 3
|
| 700 |
|
1 |
|a Погребной
|b В. Н.
|g Валентин Николаевич
|
| 712 |
0 |
2 |
|a Академия наук Киргизской ССР (АН КиргССР)
|b Институт сейсмологии
|2 stltpush
|3 (RuTPU)RU\TPU\col\18213
|
| 801 |
|
1 |
|a RU
|b 63413507
|c 20140519
|
| 801 |
|
2 |
|a RU
|b 63413507
|c 20150327
|g RCR
|
| 942 |
|
|
|c BK
|